| 000 | 00340nam a2200133Ia 4500 | ||
|---|---|---|---|
| 008 | 240624s9999 xx 000 0 und d | ||
| 041 | _aeng | ||
| 082 | _a338.954 BAG | ||
| 100 | _aBAGCHI SUBROTO | ||
| 245 | _aBUSINESS STANDARD INDIA 2010 | ||
| 260 |
_c2010 _aNew Delhi _bB S Books |
||
| 300 | _axx, : 243 : p. : cm. ; 22 | ||
| 365 |
_cRS _b20 |
||
| 999 |
_c16037 _d16037 |
||